000 00569cam a22002172a 4500
001 026196
003 AR-FADEU
008 311216n1977####xxu####################dd
020 _a0-88345-304-5
092 _a428.024 647
_bH176la
100 _aHall, Eugene J.
245 _aThe language of restaurants and catering in english
260 _aNew York
260 _bRegents
260 _c1977
300 _a122 p. : il
440 _aEnglish for careers
650 _aINGLES-PROPOSITOS ESPECIFICOS; RESTAURANTES; CATERING
546 _aInglés
942 _cBDGR
999 _c31878
_d31878